| Tag |
First Indicator |
Second Indicator |
Subfields |
| LEADER |
00000cam a2200000 a 4500 |
| 001 |
in00000013323 |
| 005 |
20151007052400.0 |
| 008 |
870120s1987 nyu 00011 eng |
| 010 |
|
|
|a 87001578
|
| 020 |
|
|
|a 0811210294
|
| 020 |
|
|
|a 0811210308 (New Directions paperbook : pbk.)
|
| 035 |
|
|
|a (OCoLC)15164656
|
| 035 |
|
|
|9 AAA7537AM
|
| 040 |
|
|
|a DLC
|c DLC
|d TXA
|d UtOrBLW
|
| 041 |
1 |
|
|a eng
|a ita
|
| 049 |
|
|
|a TXAM
|c [A11007389]
|
| 050 |
0 |
0 |
|a PQ4880.A24
|b P5313 1987
|
| 082 |
0 |
|
|a 853/.914
|2 19
|
| 100 |
1 |
|
|a Tabucchi, Antonio,
|d 1943-2012.
|
| 240 |
1 |
0 |
|a Piccoli equivoci senza importanza.
|l English
|
| 245 |
1 |
0 |
|a Little misunderstandings of no importance :
|b stories /
|c by Antonio Tabucchi ; translated by Frances Frenaye.
|
| 264 |
|
1 |
|a New York :
|b New Directions,
|c 1987.
|
| 300 |
|
|
|a viii, 136 pages ;
|c 21 cm.
|
| 336 |
|
|
|a text
|b txt
|2 rdacontent
|
| 337 |
|
|
|a unmediated
|b n
|2 rdamedia
|
| 338 |
|
|
|a volume
|b nc
|2 rdacarrier
|
| 500 |
|
|
|a Translation of: Piccoli equivoci senza importanza.
|
| 999 |
|
|
|a MARS
|
| 999 |
f |
f |
|s 341d19b9-1636-308f-8da5-7417d5644c70
|i 6aee17e4-1af6-3c8f-8e29-5d0bff7190cc
|t 0
|
| 952 |
f |
f |
|p normal
|a Texas A&M University
|b College Station
|c Sterling C. Evans Library
|d Evans: Library Stacks
|t 0
|e PQ4880.A24 P5313 1987
|h Library of Congress classification
|i unmediated -- volume
|m A14811007389
|
| 998 |
f |
f |
|a PQ4880.A24 P5313 1987
|t 0
|l Evans: Library Stacks
|